Keynes, Cocoa, and Copper : In Search of Commodity Currencies /

This paper examines whether the real exchange rates of commodity-exporting countries and the real prices of their commodity exports move together over time. Using IMF data on the world prices of 44 commodities and national commodity export shares, we construct new monthly indices of national commodi...

Ful tanımlama

Detaylı Bibliyografya
Yazar: Sahay, Ratna
Diğer Yazarlar: Cashin, Paul, Cespedes, Luis
Materyal Türü: Dergi
Dil:English
Baskı/Yayın Bilgisi: Washington, D.C. : International Monetary Fund, 2002.
Seri Bilgileri:IMF Working Papers; Working Paper ; No. 2002/223
Online Erişim:Full text available on IMF
LEADER 02046cas a2200265 a 4500
001 AALejournalIMF002213
008 230101c9999 xx r poo 0 0eng d
020 |c 5.00 USD 
020 |z 9781451875300 
022 |a 1018-5941 
040 |a BD-DhAAL  |c BD-DhAAL 
100 1 |a Sahay, Ratna. 
245 1 0 |a Keynes, Cocoa, and Copper :   |b In Search of Commodity Currencies /  |c Ratna Sahay, Luis Cespedes, Paul Cashin. 
264 1 |a Washington, D.C. :  |b International Monetary Fund,  |c 2002. 
300 |a 1 online resource (63 pages) 
490 1 |a IMF Working Papers 
500 |a <strong>Off-Campus Access:</strong> No User ID or Password Required 
500 |a <strong>On-Campus Access:</strong> No User ID or Password Required 
506 |a Electronic access restricted to authorized BRAC University faculty, staff and students 
520 3 |a This paper examines whether the real exchange rates of commodity-exporting countries and the real prices of their commodity exports move together over time. Using IMF data on the world prices of 44 commodities and national commodity export shares, we construct new monthly indices of national commodity export prices for 58 countries over 1980-2002. A long-run relationship between real exchange rates and real commodity prices is found for about two-fifths of the commodity-exporting countries. Also, the behavior of the real exchange rate of commodity currencies is found to be independent of the nominal exchange rate regime. The average half-life of adjustment of real exchange rates to commodity-price-augmented purchasing power parity is found to be about eight months, which is much shorter than Rogoff's (1996) consensus estimate of three to five years, and provides an important missing piece of the PPP puzzle. 
538 |a Mode of access: Internet 
700 1 |a Cashin, Paul. 
700 1 |a Cespedes, Luis. 
830 0 |a IMF Working Papers; Working Paper ;  |v No. 2002/223 
856 4 0 |z Full text available on IMF  |u http://elibrary.imf.org/view/journals/001/2002/223/001.2002.issue-223-en.xml  |z IMF e-Library